000 00526nmm a2200157Ia 4500
008 251105s9999||||xx |||||||||||||||||und||
041 _aspa
100 _aOrozco, José Luis
245 0 _aLa pequeña ciencia :
_b Una crítica de la ciencia política norteamericana
264 _a[México D.C., Mexico] :
_bFondo de Cultura Económica,
_c2016
300 _a485 páginas
490 _aPolítica y Derecho
650 _aPolitical Science (General)
856 _uhttps://public.digitaliapublishing.com/a/64643
942 _cCF
999 _c100473
_d100473